000 00404nam a2200133Ia 4500
008 151001s9999||||xx |||||||||||||| ||und||
100 _aअनंत - सामंत
245 _aएम टी आयवा मारू
250 _a5
260 _b"मॅजेस्टीक पब्लिशिंग हाऊस, ठाणे "
260 _c२०१३
300 _a385
365 _b21
999 _c1002142
_d1002139